| 000 | 00480nam a2200181Ia 4500 | ||
|---|---|---|---|
| 008 | 100920s9999 xx 000 0 und d | ||
| 082 |
_b35227 _a6 थ 75 |
||
| 100 | _aArvay Harry. | ||
| 245 | _aThe Moscow Intercept. | ||
| 260 |
_bBANTAM BOOKS, NEW YORK. _c1975 |
||
| 300 |
_a150 _bसाधी |
||
| 365 | _b12.75 | ||
| 520 | _aई.एल. एफ. | ||
| 630 | _aThe Moscow Intercept. | ||
| 650 | _aई.एल. एफ. | ||
| 730 | _aThe Moscow Intercept. | ||
| 942 | _cBOOK | ||
| 999 |
_c689229 _d689226 |
||